Shah jo shair (Record no. 425398)

MARC details
000 -LEADER
fixed length control field 00616nam a2200229Ia 4500
003 - CONTROL NUMBER IDENTIFIER
control field OSt
005 - DATE AND TIME OF LATEST TRANSACTION
control field 20220924130817.0
008 - FIXED-LENGTH DATA ELEMENTS--GENERAL INFORMATION
fixed length control field 220923b |||||||| |||| 00| 0 snd d
037 ## - SOURCE OF ACQUISITION
Terms of availability Textual
040 ## - CATALOGING SOURCE
Original cataloging agency ARTS
Transcribing agency ARTS
Language of cataloging snd
041 ## - LANGUAGE CODE
Source of code snd
Language code of text/sound track or separate title snd
100 ## - MAIN ENTRY--PERSONAL NAME
Personal name Gidwani Parso Au.
9 (RLIN) 200718
245 #0 - TITLE STATEMENT
Title Shah jo shair
260 ## - PUBLICATION, DISTRIBUTION, ETC.
Place of publication, distribution, etc. Ulhasanagar
Name of publisher, distributor, etc. Sindhi times India
Date of publication, distribution, etc. 1973
650 ## - SUBJECT ADDED ENTRY--TOPICAL TERM
Topical term or geographic name entry element PERSIAN POETRY
942 ## - ADDED ENTRY ELEMENTS (KOHA)
Classification part O164,1:g, 1593L3
Koha item type Textual
Source of classification or shelving scheme Colon Classification (CC)
Holdings
Withdrawn status Lost status Damaged status Not for loan Home library Current library Date acquired Total Checkouts Full call number Barcode Date last seen Price effective from Koha item type Public note
        Arts Library Arts Library 2022-09-24   O164,1:g 1593L3 AL0356849 2022-09-24 2022-09-24 Textual Translated from Persian to Sindhi
Copyright @ Delhi University Library System